000 00585cam a22002053a 4500
001 44308
003 PGUSA
005 20140828084018.0
008 131130s2013||||xxu|||||s|||||000 | eng d
040 _aPGUSA
_beng
042 _adc
100 1 _aOman, C. W. C.
245 1 4 _aThe Art of War in the Middle Ages A.D. 378-1515
_h[electronic resource] /
_cC. W. C. Oman
260 _bProject Gutenberg,
_c2013
506 _aPublic domain in the USA.
516 _aElectronic text
830 0 _aProject Gutenberg
_v44308
856 4 0 _uhttp://www.gutenberg.org/ebooks/44308
942 _cEB
999 _c273559
_d273559